Movies Quiz

Random Movies Quiz

Yu-gi-oh Movie Monsters Quiz Stats

 Plays Quiz not verified by Sporcle

Challenge
Share
Tweet
Embed
Score 0/42 Timer 15:00
0 Plays Today
Duelist Monster % Correct
Seto KaibaBlue-Eyes White Dragon
85.3%
Yugi Moto/Pharaoh AtemDark Magician
82.9%
Yugi Moto/Pharaoh AtemThe Winged Dragon of Ra
78.2%
Yugi Moto/Pharaoh AtemSlifer the Sky Dragon
77.1%
Yugi Moto/Pharaoh AtemObelisk the Tormentor
76.5%
Yugi Moto/Pharaoh AtemDark Magician Girl
73.5%
Seto KaibaBlue-Eyes Ultimate Dragon
68.8%
Yugi Moto/Pharaoh AtemBlue-Eyes Shining Dragon
65.9%
Seto KaibaBlue-Eyes Shining Dragon
65.9%
Maximillion PegasusToon Dark Magician Girl
56.5%
Yugi Moto/Pharaoh AtemQueen's Knight
51.8%
Yugi Moto/Pharaoh AtemKing's Knight
51.8%
Yugi Moto/Pharaoh AtemJack's Knight
51.8%
Yugi Moto/Pharaoh AtemObnoxious Celtic Guard
50.6%
AnubisAndro Sphinx
47.6%
Yugi Moto/Pharaoh AtemWatapon
46.5%
Unnamed Duelist #1Injection Fairy Lily
42.9%
Maximillion PegasusBlue-Eyes Toon Dragon
42.9%
Seto KaibaX-Head Cannon
40.6%
Seto KaibaZ-Metal Tank
40.6%
Seto KaibaY-Dragon Head
40%
Duelist Monster % Correct
Maximillion PegasusToon Summoned Skull
38.2%
AnubisSphinx Teleia
37.6%
Joey WheelerBaby Dragon
36.5%
Joey WheelerGilford the Lightning
36.5%
Seto KaibaXYZ-Dragon Cannon
36.5%
Joey WheelerRocket Warrior
34.7%
Joey WheelerGearfried the Iron Knight
34.1%
Yugi Moto/Pharaoh AtemSorcerer of Dark Magic
33.5%
Joey WheelerLittle-Winguard
28.2%
Seto KaibaFamiliar Knight
25.3%
Seto KaibaPaladin of White Dragon
24.1%
Seto KaibaRare Metal Dragon
22.4%
Yugi Moto/Pharaoh AtemBig Shield Gardna
22.4%
Maximillion PegasusToon-Gemini Elf
21.8%
Unnamed Duelist #2Maju Garzett
21.2%
Seto KaibaDes Feral Imp
20%
AnubisTheinen the Great Sphinx
18.8%
Unnamed Duelist #2Inpachi
18.2%
Yugi Moto/Pharaoh AtemMagician's Valkyria
13.5%
Unnamed Duelist #2Fenrir
11.8%
Seto KaibaPenten the Dark Clown
5.9%

You're not logged in!

Compare scores with friends on all Sporcle quizzes.
Join for Free
OR
Log In

You Might Also Like...

Show Comments

Extras

Top Quizzes Today


Score Distribution

Your Account Isn't Verified!

In order to create a playlist on Sporcle, you need to verify the email address you used during registration. Go to your Sporcle Settings to finish the process.

Report this User

Report this user for behavior that violates our Community Guidelines.

Details: